Programas docentes de postgrado vigentes en América Latina, 1977

Gardado en:
Detalles Bibliográficos
Autor Corporativo: Consejo Latinoamericano de Ciencias Sociales
Formato: Texto
Publicado: Buenos Aires: Consejo Latinoamericano de Ciencias Sociales
Etiquetas: Engadir etiqueta
Sen Etiquetas, Sexa o primeiro en etiquetar este rexistro!

MARC

LEADER 00000 a a2200000 04500
001 21303
003
040
090 |a 093200  
110 |a Consejo Latinoamericano de Ciencias Sociales  
245 |a Programas docentes de postgrado vigentes en América Latina, 1977  
260 |a Buenos Aires:   |b Consejo Latinoamericano de Ciencias Sociales  
300 |a 122 p.  
999 |c 1993  |d 1993